000 00308nam a2200121Ia 4500
008 190216s9999||||xx |||||||||||||| ||und||
100 _aGovernment Of Kerala
245 2 _aA Manual Of Office Procedure
260 _bGovernment Of Kerala
_c1990
300 _a121p
650 _aGeneral Libraries
942 _cREF
999 _c35289
_d35289